Najbardziej wartościowi greccy piłkarze w historii - Statystyki

Ogólne statystyki
  • Ten quiz został rozwiązany 37 razy
  • Średni wynik to 2 z 10
Statystyki odpowiedzi
Piłkarz Rok Wartość % Poprawnych
Konstantinos Tsimikas 2023 22 mln €
59%
Konstantinos Manolas 2018 45 mln €
52%
Sokratis 2017 28 mln €
41%
Vangelis Pavlidis 2025 35 mln €
37%
Christos Tzolis 2025 30 mln €
33%
Charalampos Kostoulas 2025 25 mln €
7%
Konstantinos Karetsas 2025 23 mln €
7%
Fotis Ioannidis 2025 22 mln €
4%
Konstantinos Koulierakis 2025 25 mln €
0%
Stefanos Tzimas 2025 22 mln €
0%
Nie znaleziono quizów pasujących do podanych kryteriów
Rozkład punktacji
Procent ludzi z każdym wynikiem
Percentyl według liczby udzielonych odpowiedzi
Twoja historia wyników
Nie rozwiązałeś tego quizu